Quizzes
Events
Quiz Creation
Community
Videos
Private Events
Remove Ads
Sign In
Join for FREE
Feedback
Dark Mode
Quiz Categories
Sports
Geography
Music
Movies
Television
Just For Fun
Miscellaneous
History
Literature
Language
Science
Gaming
Entertainment
Religion
Holiday
For Kids
Quiz Lab
Recent
Popular Today
Quiz Kudos Today
Editor Picks
Curator Picks
Quizzes by...
Day
Popularity
Type
Ratings
Length
Year
Community
Subscriptions
Recent Discussions
Orange Saloon
Badges
Playlists
Quests
Create
Leaderboards
Showdown
Live 5
Trivia Bingo
Activity
Puzzle Library
Sporcle Events
Private Events
Virtual Trivia
Globe League
Become a Host
Pub Owners
SporcleCon
Opinionation
Our Games
Videos
Blog
Mobile Apps
Partnerships
Remove Ads and Go Orange
Feedback
Literature
Harry Potter
A Song of Ice and Fire
The Hunger Games
Literary Character
Shakespeare
Book
Author
Novel
Poem
Young Adult
Children's Books
Play
Lord of the Rings
Literature
Harry Potter
A Song of Ice and Fire
The Hunger Games
Literary Character
Shakespeare
Book
Author
Novel
Poem
Young Adult
Children's Books
Play
Lord of the Rings
Random Quiz
Search Sporcle
×
Quiz Lab
Quiz Lab
Literature
Type in answers that appear in a list
Type in answers that appear in a list
Classic
Best Score? Go Orange.
101 Books from AP English Literature Stats
Can you name the the 101 books most commonly chosen on the AP English Literature exam?
By
purplebackpack89
15m
101 Questions
1,142 Plays
1,142 Plays
1,142 Plays
Comments
Comments
Give Quiz Kudos
Give Quiz Kudos
-
- Ratings
hide this ad
More Info
Replay
Link that replays current quiz
Next Quiz
Link to next quiz in quiz playlist
You Got
0%
They Got
Avg Score
38%
Avg Friend Score
Upgrade to see
Score Distribution
Jump to the score distribution portion of the page
Score
0/101
Timer
15:00
0
Plays Today
Author
Book
% Correct
William Shakespeare
Romeo and Juliet
85.4%
F. SCOTT FITZGERALD
THE GREAT GATSBY
84.4%
WILLIAM SHAKESPEARE
HAMLET
83.8%
Jane Austen
Pride and Prejudice
83.1%
William Shakespeare
Macbeth
77.5%
Emily Bronte
Wuthering Heights
76.4%
Mary Shelley
Frankenstein
76.2%
Herman Melville
Moby Dick
75.1%
George Orwell
1984
73.8%
NATHANIEL HAWTHORNE
THE SCARLET LETTER
72.8%
Charlotte Bronte
Jane Eyre
71.5%
Charles Dickens
Great Expectations
70.8%
Charles Dickens
A Tale of Two Cities
70.4%
William Shakespeare
Othello
69.5%
JOSEPH CONRAD
HEART OF DARKNESS
68.4%
George Orwell
Animal Farm
68.4%
John Steinbeck
The Grapes of Wrath
66.9%
Joseph Heller
Catch-22
65.3%
William Shakespeare
King Lear
64.3%
Fyodor Dostoevsky
Crime and Punishment
63.5%
Aldous Huxley
Brave New World
61.4%
William Golding
Lord of the Flies
61.3%
ARTHUR MILLER
DEATH OF A SALESMAN
61.2%
William Shakespeare
A Midsummer Night's Dream
59.5%
MARK TWAIN
HUCKLEBERRY FINN
58.4%
Arthur Miller
The Crucible
56.1%
Leo Tolstoy
Anna Karenina
52.5%
Toni Morrison
Beloved
51.5%
Tennessee Williams
A Streetcar Named Desire
51%
Alice Walker
The Color Purple
50.1%
Chinua Achebe
Things Fall Apart
50%
Jonathan Swift
Gulliver's Travels
49.6%
Kurt Vonnegut
Slaughterhouse Five
49%
Ralph Ellison
Invisible Man
48.6%
Author
Book
% Correct
Franz Kafka
Metamorphosis
48.5%
William Shakespeare
Julius Caesar
48.5%
Albert Camus
The Stranger
48.2%
William Faulkner
The Sound and the Fury
46.1%
Voltaire
Candide
46%
Charles Dickens
David Copperfield
45.9%
Henrik Ibsen
A Doll’s House
43.7%
Gabriel Garcia Marquez
One Hundred Years of Solitude
43.4%
Samuel Beckett
Waiting for Godot
43.2%
Zora Neale Hurston
Their Eyes Were Watching God
42.8%
Sophocles
Oedipus Rex
41.6%
William Faulkner
As I Lay Dying
40.6%
Ernest Hemingway
The Sun Also Rises
40%
Kate Chopin
The Awakening
39.7%
George Bernard Shaw
Pygmalion
39.6%
Oscar Wilde
The Importance of Being Earnest
39%
William Shakespeare
The Merchant of Venice
38.4%
Sophocles
Antigone
37.7%
TENNESSEE WILLIAMS
THE GLASS MENAGERIE
37.4%
Virginia Woolf
To the Lighthouse
37.2%
Gustave Flaubert
Madame Bovary
36.7%
James Joyce
A Portrait of the Artist as a Young Man
36.7%
D.H. Lawrence
Sons and Lovers
33.3%
William Shakespeare
Twelfth Night
33.2%
Thomas Hardy
Tess of the D'Urbervilles
32.5%
Franz Kafka
The Trial
30.6%
Anton Chekhov
The Cherry Orchard
29.3%
Thorton Wilder
Our Town
29%
E.M. Forester
A Passage to India
28.7%
Herman Melville
Billy Budd
26.7%
Toni Morrison
Song of Solomon
26.4%
Thomas Hardy
Jude the Obscure
26%
Joseph Conrad
Lord Jim
25.6%
Richard Wright
Native Son
25.6%
Author
Book
% Correct
Henry James
The Turn of the Screw
24.3%
Edith Wharton
Ethan Frome
24%
Tom Stoppard
Rosencrantz and Guildenstern are Dead
23.3%
William Faulkner
Light in August
21.8%
Alan Paton
Cry, the Beloved Country
20.1%
Daniel Defoe
Moll Flanders
20%
Charles Dickens
Hard Times
19.2%
Jean Rhys
Wide Sargasso Sea
18.8%
Jean-
Paul Sartre
No Exit
18%
Theodore Dreiser
Sister Carrie
17.8%
Eugene O’Neill
Long Day’s Journey into Night
16.9%
Euripides
Medea
15.2%
Henrik Ibsen
Hedda Gabler
15.2%
Sinclair Lewis
Main Street
14.3%
Theodore Dreiser
An American Tragedy
13.9%
Edith Wharton
The House of Mirth
12.8%
Aristophanes
Lysistrata
11.3%
George Bernard Shaw
Major Barbara
10.3%
Lillian Hellman
The Little Foxes
10.2%
Arthur Miller
All My Sons
9.4%
Henrik Ibsen
The Wild Duck
9.3%
George Bernard Shaw
Man And Superman
9.3%
Henrik Ibsen
An Enemy of the People
8.8%
Flannery O'Conner
Wise Blood
8.1%
Aeschylus
Oresteia
7.8%
August Strindberg
Miss Julie
7.8%
Bertolt Brecht
Mother Courage and Her Children
7.2%
Henry James
Washington Square
6.5%
George Bernard Shaw
Mrs. Warren's Profession
5.3%
Henry Fielding
Joseph Andrews
4.6%
Eugene O’Neill
The Hairy Ape
3.3%
Evelyn Waugh
The Loved One
3.2%
Joseph Conrad
Victory
3.1%
Quiz Playlist
Details
Report
Send in Message
Add To Playlist
More Info:
Authors in CAPITAL LETTERS represent the seven books most commonly used
Classic:
Type in answers that appear in a list
Last Updated: Apr 7, 2017
Quiz Scoreboard
CHALLENGE
Sign Up to Join the Scoreboard
Show All
Scores
Hide
Comments
May contain spoilers
Recently Published
Billboard Blitz: Fleetwood Mac
by CooCooCachoo
Music
15s
Presidents Visiting Landmarks
by Hejman
History
7m
An Introduction to Baseball
by treessimontrees
Sports
5m
More to Explore
Quiz From the Vault
Featured Blog Post
Where Did the Easter Bunny Come From?
hide this ad
You Might Also Like...
Tags
This quiz does not have any tags.
Today's Top Quizzes in Literature
Browse Literature
hide this ad
Top Contributed Quizzes in Literature
1
Sneaky Slytherin Logic Puzzle
2
Get The Picture: Black or White Literature
3
5-to-1: Plays
4
A Court of Thorns and Roses (ACoTaR) Logic Puzzle
5
One Thing in Common: Literature
6
One Thing in Common: Literature II
7
One Thing in Common: Books
8
One Thing in Common: Literature 3
9
Harry Potter Neighbourly Logic Puzzle #5
10
Harry Potter Neighbourly Logic Puzzle #6
Explore More
Trending Topics
NBA
Disney
Harry Potter
Crossword
Anime
Kpop
Marvel
WWE
Soccer
The Office
NFL
Puzzle
Song
Country
Pokémon
hide this ad
More By:
purplebackpack89
Quiz
Plays
Rating
Category
Featured
Created
NBA Top 5 Scorers By 5-Year Period
153,448
4.77
Sports
Feb 1, 2016
NBA Top 5 Playoff Scorers By 5-Year Period
75,874
4.83
Sports
Dec 15, 2016
NCAA Tournament Cities
56,815
4.55
Sports
Mar 14, 2011
MLB by County
52,923
4.38
Sports
May 23, 2011
American Historical Figures Logic Puzzle
25,538
4.19
History
Dec 12, 2012
Go to Creator's Profile
Score Distribution
Quiz Creator Spotlight
purplebackpack89
Follow
Send a Message
Quizzes Created
-
Created Quiz Play Count
-
More By This Creator
Popular Quizzes Today
1
Find the US States - No Outlines Minefield
2
Find the Countries of Europe - No Outlines Minefield
3
The Countries of the World
4
Find the US States
5
Risky Map Clicking: Biggest States A-Z
6
US States
7
Popular People in 1961
8
Movies - When Are They Set?
More Literature Quizzes
Criteria Quiz: Shakespearean Tragic Character Deaths
Curator's Pick
Trending Quizzes
Risky Map Clicking: Least Populous States A-Z
1-10 Letter G Words
1-10 Letter F Words
Risky Map Clicking: Next State Alphabetically
Risky Map Clicking: Biggest States A-Z
Recently Updated
Leaping Animals
pecheneg
Reality TV Shows (A-Z)
bhenderson79
Rickey Henderson's Hall of Fame Teammates
pecheneg
Champions League XIs: Arsenal
pecheneg
Quick Pick: Celebrities in WWE's Hall of Fame
aduchscher
A-Z Keypad Blitz II
pecheneg
Multiple Oscar Actors
pecheneg
Mystery Phrase Blitz: Oscar 'Best Actors'
pecheneg
F. Scott Fitzgerald Novels
LTH
Pick 3 Villains
ddd62291
Trending Topics
NBA
Crossword
Disney
Harry Potter
Anime
Marvel
Kpop
The Office
Country
Pokémon
Soccer
NFL
WWE
Song
Puzzle
Your Account Isn't Verified!
In order to create a playlist on Sporcle, you need to verify the email address you used during registration. Go to your
Sporcle Settings
to finish the process.
Report this User
Report this user for behavior that violates our
Community Guidelines
.
Details:
Send Report
Go to the Sporcle.com Mobile Site →
Comments